UFC GOAT of each division - Statistics

General Stats
  • This quiz has been taken 3,970 times
  • The average score is 9 of 13
Answer Stats
Hint Answer % Correct
light heavyweight Jon Jones
97%
flyweight Demetrious Johnson
89%
pound-for-pound Demetrious Johnson
89%
middleweight Anderson Silva
78%
welterweight George St Pierre
77%
heavyweight Stipe Miocic
75%
featherweight Jose Aldo
74%
women's flyweight Amanda Nunes
62%
bantamweight Dominick Cruz
57%
lightweight Islam Makhachev
57%
women's bantamweight Ronda Rousey
50%
women's strawweight Zhang Weili
40%
women's pound-for-pound Zhang Weili
40%
No matching quizzes found
Score Distribution
Percent of People with Each Score
Percentile by Number Answered
Your Score History
You have not taken this quiz